ការសិក្សាពីកសិកម្មពនេចរ នៅស្រុកបាលុង ខេត្តរតនគីរី (Record no. 2983)

000 -LEADER
fixed length control field 00524nam a22001577a 4500
003 - CONTROL NUMBER IDENTIFIER
control field OSt
005 - DATE AND TIME OF LATEST TRANSACTION
control field 20151102151422.0
008 - FIXED-LENGTH DATA ELEMENTS--GENERAL INFORMATION
fixed length control field 151102b xxu||||| |||| 00| 0 eng d
040 ## - CATALOGING SOURCE
Transcribing agency RUA
082 ## - DEWEY DECIMAL CLASSIFICATION NUMBER
Classification number FOR លឹម​ 1992​ B117 Or.1
100 ## - MAIN ENTRY--PERSONAL NAME
9 (RLIN) 3195
Personal name លឹម លីឡា
245 ## - TITLE STATEMENT
Title ការសិក្សាពីកសិកម្មពនេចរ នៅស្រុកបាលុង ខេត្តរតនគីរី
260 ## - PUBLICATION, DISTRIBUTION, ETC. (IMPRINT)
Place of publication, distribution, etc. Phnom Penh
Name of publisher, distributor, etc. RUA
Date of publication, distribution, etc. 1992
300 ## - PHYSICAL DESCRIPTION
Extent 46p.
Other physical details ill.
Dimensions 29cm.
942 ## - ADDED ENTRY ELEMENTS (KOHA)
Source of classification or shelving scheme
Koha item type FOR
Holdings
Price effective from Date last seen Permanent Location Not for loan Date acquired Source of classification or shelving scheme Koha item type Barcode Lost status Damaged status Shelving location Withdrawn status Current Location Full call number
2015-11-022015-11-02Library Block B 2015-11-02 FORRUA026034  B117 Library Block BFOR លឹម​ 1992​ B117 Or.1
2015-11-022015-11-02Library Block B 2015-11-02 FORRUA026037  B117 Library Block BFOR លឹម​ 1992​ B117 Or.2
2015-11-022015-11-02Library Block B 2015-11-02 FORRUA026175  B117 Library Block BFOR លឹម​ 1992​ B117 Or.3
2015-11-022015-11-02Library Block B 2015-11-02 FORRUA026261  B117 Library Block BFOR លឹម​ 1992​ B117 Or.4
2015-11-022015-11-02Library Block B 2015-11-02 FORRUA027749  B117 Library Block BFOR លឹម​ 1992​ B117 Or.5
មជ្ឈមណ្ឌលឯការនៃសាកលវិទ្យាល័យភូមិន្ទកសិកម្មចំការដូង

Powered by Koha